000 00666nam a2200229 i 4500
003 DO-SdBNP
005 20250304090826.0
007 ta
008 250109b1978 dr ||||| |||| 00| 0 spa d
040 _aDO-SdBNP
_bspa
_cBNPHU
_erda
082 4 _axxx
_bM671p
_222
100 1 _aMir, Pedro,
_eautor
_986876
_4aut.
245 1 0 _aPoemas de buen amor y a veces de fantasia /
_cPedro Mir
264 1 _aSanto Domingo :
_bEditora Taller,
_c1978.
300 _a58 páginas ;
_c19 cm.
336 _atexto
_btxt
_2rdacontent
337 _asin mediación
_bnc
_2rdamedia
338 _avolumen
_bnc
_2rdacarrier
590 _aInventariado, 2025/DG
910 _aDG
942 _2ddc
_cLF2
999 _c58015
_d58015